000 00356nam a2200133Ia 4500
008 100328s9999 xx 000 0 und d
082 _b17429
100 _aशरतेचन्द्र
245 _aदोराहा
260 _bशिक्षा भारती
630 _aदोराहा
730 _aदोराहा
942 _cBOOK
999 _c512005
_d512002